Israel, hoy / (Record no. 123787)

MARC details
000 -LEADER
campo de control de longitud fija 00673nam a2200205 4500
001 - NÚMERO DE CONTROL
campo de control 123787
003 - IDENTIFICADOR DE NÚMERO DE CONTROL
campo de control ES-MaACL
005 - FECHA Y HORA DE LA ÚLTIMA TRANSACCIÓN
campo de control 20250824231410.0
007 - CAMPO FIJO DE DESCRIPCIÓN FÍSICA--INFORMACIÓN GENERAL
campo de control de longitud fija t|
008 - DATOS DE LONGITUD FIJA--INFORMACIÓN GENERAL
campo de control de longitud fija 070214s1965 ag r ||||1| spa d
100 1# - ENTRADA PRINCIPAL--NOMBRE DE PERSONA
Nombre de persona Ramati, Alexander.
9 (RLIN) 95066
245 10 - MENCIÓN DEL TÍTULO
Título Israel, hoy /
Mención de responsabilidad, etc. Alexander Ramati ; traducción de Jesús Pardo.
260 ## - PUBLICACIÓN, DISTRIBUCIÓN, ETC.
Lugar de publicación, distribución, etc. Buenos Aires [etc.] :
Nombre del editor, distribuidor, etc. Plaza & Janés,
Fecha de publicación, distribución, etc. 1965.
300 ## - DESCRIPCIÓN FÍSICA
Extensión 439 p., 23 lám. ;
Dimensiones 21 cm.
490 1# - MENCIÓN DE SERIE
Mención de serie La vuelta al mundo en ochenta libros
700 1# - ENTRADA AGREGADA--NOMBRE PERSONAL
Nombre de persona Pardo, Jesús,
Fechas asociadas al nombre 1927-2020
9 (RLIN) 138804
830 03 - PUNTO DE ACCESO ADICIONAL DE SERIE-TÍTULO UNIFORME
Título uniforme La vuelta al mundo en ochenta libros
9 (RLIN) 186522
852 ## - LOCALIZACIÓN
Ubicación ES-MaACL
Número de control de estantería C-27486
Sublocalización o colección R.56347
Holdings
Estatus retirado Estado de pérdida Estado de daño No para préstamo Biblioteca de origen Biblioteca actual Ubicación en estantería Fecha de adquisición Fuente de adquisición Total de préstamos Signatura topográfica completa Código de barras Visto por última vez Precio de reemplazo Tipo de ítem Koha
        Biblioteca del Ateneo de Madrid Biblioteca del Ateneo de Madrid Depósito 2 17/01/2008     C-27486 1128970 23/02/2023 23/02/2023 Libro impreso